|
|
|
|
| LEADER |
00853nam a22002297a 4500 |
| 001 |
42428 |
| 003 |
BD-DhAAL |
| 008 |
240404t1993 ii ||||| |||| 00| 0 eng d |
| 040 |
|
|
|a BD-DhAAL
|c BD-DhAAL
|
| 082 |
|
|
|a 330.95405
|2 23
|
| 245 |
|
|
|a Economic and political weekly,
|n May-Aug 1993.
|
| 264 |
|
|
|a Bombay :
|b Sameeksha Trust,
|c 1993.
|
| 300 |
|
|
|a various paging :
|b illustrations ;
|c 27 cm.
|
| 541 |
|
|
|a World Book Agency
|e 42428
|
| 650 |
|
|
|a Economic history.
|
| 650 |
|
|
|a Economics.
|
| 651 |
|
|
|a India
|x Economic conditions
|v Periodicals.
|9 56186
|
| 651 |
|
|
|a India
|x Politics and government
|v Periodicals.
|9 56187
|
| 852 |
|
|
|a Ayesha Abed Library
|c Reference Section
|
| 942 |
|
|
|2 ddc
|c BK
|
| 999 |
|
|
|c 46506
|d 46506
|
| 952 |
|
|
|0 0
|1 0
|2 ddc
|4 0
|6 330_954050000000000_ECO
|7 1
|9 75316
|a BRACUL
|b BRACUL
|c REF
|d 2024-04-04
|l 0
|o 330.95405 ECO
|p 3010042428
|r 2024-04-04
|t 1
|w 2024-04-04
|y BK
|